ბათუმის შოთა რუსთაველის სახელმწიფო უნივერსიტეტის ბიბლიოთეკა

D ვიტამინის რეცეპტორის (VDR) გენის rs2228570 პოლიმორფიზმის შესწავლა აუტოიმუნური თირეოდიტის დროს აჭარის პოპულაციის მაგალითზე: (ბიბ.ჩანაწერი № 60058)

000 -ლიდერი
ფიქსირებული სიგრძის საკონტროლო ველი 01666nam a22002057a 4500
003 - საკონტროლო ნომრის იდენტიფიკატორი
საკონტროლო ველი Ge_BSU
005 - ბოლო ოპერაციის თარიღი და დრო
საკონტროლო ველი 20230602114453.0
008 - ფიქსირებული სიგრძის მონაცემთა ელემენტები - ზოგადი ინფორმაცია
ფიქსირებული სიგრძის საკონტროლო ველი 230602s2023 ge ||||| |||| 00| 0 geo d
041 ## - ენის კოდი
Language code of text/sound track or separate title geo
080 ## - უნივერსალური ათობითი კლასიფიკაციის ინდექსი
Universal Decimal Classification number 57 ჭ-34
100 ## - მთავარი ჩანაწერი - პიროვნების სახელი
Personal name ჭელიძე, ნანა
9 (RLIN) 18425
245 ## - ცნობა სათაურის შესახებ
Title D ვიტამინის რეცეპტორის (VDR) გენის rs2228570 პოლიმორფიზმის შესწავლა აუტოიმუნური თირეოდიტის დროს აჭარის პოპულაციის მაგალითზე:
Remainder of title დისერტაცია /
Statement of responsibility, etc ნანა ჭელიძე; სამეცნიერო ხელმძღვანელი სალომე ღლონტი; ბსუ. საბუნებისმეტყველო მეცნიერებათა და ჯანდაცვის ფაკულტეტი. ბიოლოგიის დეპარტამენტი.
264 ## - წარმოების, გამოცემის, დისტრიბუციის და სხვა ცნობები
გამოცემის, წარმოების, დისტრიბუციის... ადგილი ბათუმი,
გამოცემის, წარმოების, დისტრიბუციის... თარიღი 2003.
300 ## - ფიზიკური აღწერა
Extent 108 გვ.;
Other physical details 30 სმ.
504 ## - BIBLIOGRAPHY, ETC. NOTE
Bibliography, etc ბიბლიოგრ. გვ.88-106
653 ## - INDEX TERM--UNCONTROLLED
Uncontrolled term D ვიტამინის რეცეპტორის (VDR) გენის rs2228570 პოლიმორფიზმის შესწავლა აუტოიმუნური თირეოდიტის დროს აჭარის პოპულაციის მაგალითზე
653 ## - INDEX TERM--UNCONTROLLED
Uncontrolled term დისერტაცია
700 ## - ADDED ENTRY--PERSONAL NAME
Personal name ღლონტი, სალომე
Relator term სამეცნიერო ხელმძღვანელი
9 (RLIN) 18426
942 ## - ADDED ENTRY ELEMENTS (KOHA)
Source of classification or shelving scheme
Koha item type დისერტაცია
ეგზემპლარები
ჩამოწერის სტატუსი დაკარგული ეგზემპლარის სტატუსი კლასიფიკაციის წყარო ან თაროზე გაწყობის სქემა დაზიანების სტატუსი არ გაიცემა მუდმივი მდებარეობა (დაცვის ადგილი) ამჟამინდელი ადგილსამყოფელი თაროზე განთავსების ადგილი შეძენის თარიღი სრული შენახვის შიფრი შტრიხკოდი ბოლო ოპერაციის თარიღი ეგზემპლარის მიმდევრობითი ნომერი (კეტერი?) ფასის ძალაში შესვლის თარიღი ეგზემპლარის სახეობა
          ბათუმის შოთა რუსთაველის სახელმწიფო უნივერსიტეტის მთავარი ბიბლიოთეკა ბათუმის შოთა რუსთაველის სახელმწიფო უნივერსიტეტის მთავარი ბიბლიოთეკა წიგნსაცავი 2023-06-02 57 ჭ-34 414 დისერტ. 2023-06-02 414 2023-06-02 დისერტაცია